000 00524nam a22001817a 4500
003 OSt
005 20180116192432.0
008 160408t xxu||||| |||| 00| 0 eng d
020 _a9783869223100
040 _c0
082 _a720.47
100 1 _aKrautheim, Mareike
_98415
245 1 _aCity and wind :
_bclimate as an architectural instrument
_cMareike Krautheim
260 _aBerlin:
_bA dom publisher,
_c2014.
300 _a207p.:
_bill;
_c23cm.
650 _aArchitecture
_bEnvironmental aspects
_98416
942 _2ddc
_cBK
999 _c354150
_d354150